000 00897cam a22002653a 4500
001 19950
003 PGUSA
005 20140828083425.0
008 061128s2006||||xxu|||||s|||||000 | eng d
040 _aPGUSA
_beng
042 _adc
050 4 _aBX
100 1 _aThomas, Aquinas,
_cSaint,
_d-1274
245 1 0 _aSumma Theologica, Part III (Tertia Pars) :
_bFrom the Complete American Edition
_h[electronic resource] /
_cAquinas, Thomas
260 _bProject Gutenberg,
_c2006
506 _aPublic domain in the USA.
516 _aElectronic text
653 _aCatholic Church -- Doctrines -- Early works to 1800
653 _aTheology, Doctrinal -- Early works to 1800
653 _aGod -- Omnipresence -- Early works to 1800
653 _aGod -- Attributes -- Early works to 1800
830 0 _aProject Gutenberg
_v19950
856 4 0 _uhttp://www.gutenberg.org/ebooks/19950
942 _cEB
999 _c249205
_d249205